| 000 | 005330000a22001930004500 | ||
|---|---|---|---|
| 003 | LK-CoMWRAF | ||
| 005 | 20231022150422.0 | ||
| 008 | 230817t ||||| |||| 00| 0 eng d | ||
| 020 | _a1891229516 | ||
| 040 |
_aLK-CoMWRAF _dLK-CoMWRAF _eLK-CoMWRAF |
||
| 041 | _aeng | ||
| 082 |
_a297.577 _bALJ |
||
| 100 | _aAl-Jibaly, Muhammad | ||
| 245 |
_aThe Quest for love and mercy : _bRegulations for marriage & wedding in Islam |
||
| 260 |
_bAl kitab & as-sunnah, _c2002 |
||
| 300 | _a183p | ||
| 490 | _aThe Muslim family - 1 | ||
| 942 | _cBK | ||
| 999 |
_c973 _d973 |
||